000 01062cam a2200253 i 4500
003 OSt
005 20260315115321.0
008 260103q19001999ii g 00010 ara c
040 _aSA-RiAUC
_bara
_cSA-RiAUC
082 0 4 _a213
_qSA-RiAUC
090 _aم ن 213
_bف ق ي
100 1 _aالفقيه، أحمد عبد الله
_eمؤلف.
245 1 2 _aالخطب الواعظية والشذور الذهبية المنبرية /
_cأحمد بن عبد الله بن مصطفى المكي الفقيه.
264 1 _a[مكان الشر غير محدد] :
_bالناشر غير محدد]،
_c[بين 1900 و1999]
264 3 _aبمبي، الهند :
_bالمطبعة المحمدية‏
300 _a138 صفحة ؛
_c28 سم
336 _aنص
_btxt
_2rdacontent
_3كتاب
337 _aبدون وسيط
_bn
_2rdamedia
338 _aمجلد
_bnc
_2rdacarrier
650 7 _aالخطب الدينية الإسلامية
_2aucsh
650 7 _aالوعظ والإرشاد
_2aucsh
942 _2ddc
_cRBOOK COPY
_n0
949 _aSA-JeALM
_d260103
_umohamedma123
_n1
999 _c14052
_d14052